| 000 | 00408nam a22001697a 4500 | ||
|---|---|---|---|
| 005 | 20160630110430.0 | ||
| 008 | 160630b xxu||||| |||| 00| 0 eng d | ||
| 020 | _a978-81-85240-72-5 | ||
| 041 | _aeng | ||
| 082 | _b19476 | ||
| 100 |
_aKhanna, S K & Others _93277 |
||
| 245 | _aHighway Engineering | ||
| 260 | _bNemchand& Bros Roorle | ||
| 300 | _a762 | ||
| 650 |
_aDiploma Engineering _9817 |
||
| 942 | _cBK | ||
| 999 |
_c4870 _d4868 |
||